Revue de l'OCDE sur la gestion budgétaire

Salvato in:
Dettagli Bibliografici
Natura: Periodico
Lingua:francese
Pubblicazione: Paris 2002
Soggetti:
Tags: Aggiungi Tag
Nessun Tag, puoi essere il primo ad aggiungerne!!

MARC

LEADER 00000nas2a2200000 4500
001 0039496
005 20060306101843.0
022 |a 1608-7151 
041 0 |a fre 
044 |a FR 
245 1 0 |a Revue de l'OCDE sur la gestion budgétaire 
264 1 |a Paris  |c 2002 
773 0 |w eu_un_cat*s123769 
610 2 0 |a financie verejné 
610 2 0 |a rozpočty 
610 2 0 |a OECD 
610 2 0 |a OECD publikácie